Convivium utriusque iuris: Alexander Dordett zum 60. Geburtstag
| Subtitles: | Festschrift |
|---|---|
| Contributors: | ; |
| Format: | Print Book |
| Language: | German |
| Subito Delivery Service: | Order now. |
| Check availability: | HBZ Gateway |
| WorldCat: | WorldCat |
| Interlibrary Loan: | Interlibrary Loan for the Fachinformationsdienste (Specialized Information Services in Germany) |
| Published: |
Wien
Wiener Dom-Verlag
1976
|
| In: | Year: 1976 |
| Volumes / Articles: | Show volumes/articles. |
| Standardized Subjects / Keyword chains: | B
Dordett, Alexander 1916-1984
B Church law B State law of churches B Canon law |
| RelBib Classification: | SA Church law; state-church law SB Catholic Church law XA Law |
| Further subjects: | B
Collection of essays
B Canon law B Law B Dordett, Alexander (1916-1984) B Church law B Festschrift B Dordett, Alexander 1916-1984 B Dordett, Alexander B Ecclesiastical Law (Austria) B Bibliography |
| Online Access: |
Table of Contents Table of Contents |
MARC
| LEADER | 00000cam a2200000 c 4500 | ||
|---|---|---|---|
| 001 | 039151824 | ||
| 003 | DE-627 | ||
| 005 | 20260206192531.0 | ||
| 007 | tu | ||
| 008 | 950801s1976 au ||||| b 00| ||ger c | ||
| 010 | |a 77476634 | ||
| 020 | |a 385351085X | ||
| 035 | |a (DE-627)039151824 | ||
| 035 | |a (DE-603)052913953 | ||
| 035 | |a (DE-576)006073646 | ||
| 035 | |a (DE-599)GBV039151824 | ||
| 035 | |a (OCoLC)03184394 | ||
| 035 | |a (OCoLC)440005979 | ||
| 035 | |a (AT-OBV)AC02150370 | ||
| 035 | |a (DE-604)8019710089 | ||
| 040 | |a DE-627 |b ger |c DE-627 |e rakwb | ||
| 041 | |a ger | ||
| 044 | |c XA-AT | ||
| 050 | 0 | |a KJJ2698 | |
| 082 | 0 | |a 262.9 |q LOC | |
| 084 | |a 1 |2 ssgn | ||
| 084 | |a PC 4630 |2 rvk |0 (DE-625)rvk/135081: | ||
| 084 | |a BR 1600 |2 rvk |0 (DE-625)rvk/15781: | ||
| 245 | 0 | 0 | |a Convivium utriusque iuris |b Alexander Dordett zum 60. Geburtstag |c hrsg. von Audomar Scheuermann |
| 246 | 3 | 3 | |a Festschrift |
| 264 | 1 | |a Wien |b Wiener Dom-Verlag |c 1976 | |
| 300 | |a 460 S |b Ill | ||
| 336 | |a Text |b txt |2 rdacontent | ||
| 337 | |a ohne Hilfsmittel zu benutzen |b n |2 rdamedia | ||
| 338 | |a Band |b nc |2 rdacarrier | ||
| 500 | |a Festschrift Alexander Dordett | ||
| 583 | 1 | |a Archivierung prüfen |c 20240324 |f DE-4165 |z 1 |2 pdager | |
| 600 | 1 | 0 | |a Dordett, Alexander |
| 600 | 1 | 7 | |0 (DE-588)118526812 |0 (DE-627)079327842 |0 (DE-576)160769353 |a Dordett, Alexander |d 1916-1984 |2 gnd |
| 601 | |a Geburtstag | ||
| 650 | 0 | |a Ecclesiastical Law |z Austria | |
| 650 | 0 | 7 | |0 (DE-588)4048737-4 |0 (DE-627)106189719 |0 (DE-576)20907907X |a Recht |2 gnd |
| 650 | 0 | 7 | |0 (DE-588)4030746-3 |0 (DE-627)106268872 |0 (DE-576)208988866 |a Kirchenrecht |2 gnd |
| 650 | 0 | 7 | |0 (DE-588)4073199-6 |0 (DE-627)106093029 |0 (DE-576)209189711 |a Kanonisches Recht |2 gnd |
| 652 | |a SA:SB:XA | ||
| 655 | 7 | |a Bibliografie |0 (DE-588)4006432-3 |0 (DE-627)104814519 |0 (DE-576)208865578 |2 gnd-content | |
| 655 | 7 | |a Aufsatzsammlung |0 (DE-588)4143413-4 |0 (DE-627)105605727 |0 (DE-576)209726091 |2 gnd-content | |
| 655 | 7 | |a Festschrift |0 (DE-588)4016928-5 |0 (DE-627)104400986 |0 (DE-576)208917802 |2 gnd-content | |
| 689 | 0 | 0 | |d p |0 (DE-588)118526812 |0 (DE-627)079327842 |0 (DE-576)160769353 |2 gnd |a Dordett, Alexander |d 1916-1984 |
| 689 | 0 | |5 DE-101 | |
| 689 | 1 | 0 | |d s |0 (DE-588)4030746-3 |0 (DE-627)106268872 |0 (DE-576)208988866 |2 gnd |a Kirchenrecht |
| 689 | 1 | |5 DE-101 | |
| 689 | 2 | 0 | |d s |0 (DE-588)4056656-0 |0 (DE-627)106154141 |0 (DE-576)209118482 |2 gnd |a Staatskirchenrecht |
| 689 | 2 | |5 DE-101 | |
| 689 | 3 | 0 | |d s |0 (DE-588)4056656-0 |0 (DE-627)106154141 |0 (DE-576)209118482 |2 gnd |a Staatskirchenrecht |
| 689 | 3 | |5 (DE-627) | |
| 689 | 4 | 0 | |d s |0 (DE-588)4073199-6 |0 (DE-627)106093029 |0 (DE-576)209189711 |2 gnd |a Kanonisches Recht |
| 689 | 4 | |5 (DE-627) | |
| 689 | 5 | 0 | |d p |0 (DE-588)118526812 |0 (DE-627)079327842 |0 (DE-576)160769353 |2 gnd |a Dordett, Alexander |d 1916-1984 |
| 689 | 5 | |5 (DE-627) | |
| 700 | 1 | |e HerausgeberIn |0 (DE-588)118754777 |0 (DE-627)079534937 |0 (DE-576)209409827 |4 edt |a Scheuermann, Audomar |d 1908-2000 | |
| 700 | 1 | |e GefeierteR |0 (DE-588)118526812 |0 (DE-627)079327842 |0 (DE-576)160769353 |4 hnr |a Dordett, Alexander |d 1916-1984 | |
| 856 | 4 | 2 | |u https://swbplus.bsz-bw.de/bsz006073646inh.htm |m V:DE-576 |v 2008-04-02 |3 Inhaltsverzeichnis |7 1 |
| 856 | 4 | 2 | |u http://scans.hebis.de/HEBCGI/show.pl?05291395_toc.pdf |m V:DE-576 |q application/pdf |3 Inhaltsverzeichnis |7 1 |
| 889 | |w (DE-627)1774111683 | ||
| 935 | |a mteo |a KALD | ||
| 935 | |i Blocktest | ||
| 936 | r | v | |a PC 4630 |b Für Personen |k Rechtswissenschaft |k Allgemeines zum juristischen Studium und zur Rechtswissenschaft |k Festschriften, Sammelwerke |k Für Personen |0 (DE-627)127072195X |0 (DE-625)rvk/135081: |0 (DE-576)20072195X |
| 936 | r | v | |a BR 1600 |b Personen |k Theologie und Religionswissenschaften |k Kirchenrecht |k Allgemeines |k Sammelwerke |k Festschriften |k Personen |0 (DE-627)1270752901 |0 (DE-625)rvk/15781: |0 (DE-576)200752901 |
| 936 | s | n | |a b100 |2 mzub |
| 936 | s | n | |a p100 |2 mzub |
| 951 | |a BO | ||
| ACO | |a 1 | ||
| CAN | |a 1 | ||
| ELC | |b 1 | ||
| ITA | |a 1 | ||
| LOK | |0 000 xxxxxcx a22 zn 4500 | ||
| LOK | |0 001 3118276894 | ||
| LOK | |0 003 DE-627 | ||
| LOK | |0 004 039151824 | ||
| LOK | |0 005 20100408123930 | ||
| LOK | |0 008 000405||||||||||||||||ger||||||| | ||
| LOK | |0 040 |a DE-21-35 |c DE-627 |d DE-21-35 | ||
| LOK | |0 541 |e 1976/54962 | ||
| LOK | |0 852 |a DE-21-35 | ||
| LOK | |0 852 1 |c Nb 3.71 |m p |9 00 | ||
| LOK | |0 938 |k p | ||
| LOK | |0 939 |a 05-04-00 |b l01 | ||
| LOK | |0 000 xxxxxcx a22 zn 4500 | ||
| LOK | |0 001 3118276908 | ||
| LOK | |0 003 DE-627 | ||
| LOK | |0 004 039151824 | ||
| LOK | |0 005 20100508055025 | ||
| LOK | |0 008 970625||||||||||||||||ger||||||| | ||
| LOK | |0 040 |a DE-21-24 |c DE-627 |d DE-21-24 | ||
| LOK | |0 541 |e 77/2162 | ||
| LOK | |0 689 |a s |a Dordett, Alexander | ||
| LOK | |0 852 |a DE-21-24 | ||
| LOK | |0 852 1 |c S,IIc,166 |m p |9 00 | ||
| LOK | |0 936ln |a S,IIc, | ||
| LOK | |0 938 |k p | ||
| LOK | |0 939 |a 25-06-97 |b l01 | ||
| LOK | |0 000 xxxxxcx a22 zn 4500 | ||
| LOK | |0 001 3118277505 | ||
| LOK | |0 003 DE-627 | ||
| LOK | |0 004 039151824 | ||
| LOK | |0 005 20190927165747 | ||
| LOK | |0 008 190311||||||||||||||||ger||||||| | ||
| LOK | |0 035 |a (DE-Tue135-1)67525 | ||
| LOK | |0 040 |a DE-Tue135-1 |c DE-627 |d DE-Tue135-1 | ||
| LOK | |0 852 |a DE-Tue135-1 | ||
| LOK | |0 852 1 |c FTHKR004053 |m p |9 00 | ||
| LOK | |0 852 2 |b KR 01.100 |9 00 | ||
| LOK | |0 935 |a iALT | ||
| LOK | |0 936ln |0 1442053283 |a SA | ||
| LOK | |0 936ln |0 1442053798 |a XA | ||
| LOK | |0 936ln |0 1442053313 |a SB | ||
| LOK | |0 938 |k p | ||
| LOK | |0 939 |a 11-03-19 |b l01 | ||
| ORI | |a TA-MARC-ixtheob001.raw | ||
| REL | |a 1 | ||
| SPR | |a 1 |t CAN |t IXT |t REL | ||
| STA | 0 | 0 | |a Canon law,Ecclesiastical law,Catholic church law,Church law,Church law,Ecclesiastical law,Law,Law,Right,Law,Jurisprudence,Law in literature,State law of churches |
| STB | 0 | 0 | |a Droit canonique,Droit ecclésiastique,Droit,Droit,Législation religieuse |
| STC | 0 | 0 | |a Derecho canónico,Derecho eclesiástico,Derecho,Derecho,Legislación sobre la Iglesia nacional |
| STD | 0 | 0 | |a Diritto canonico,Diritto ecclesiastico,Diritto in materia di chiesa di stato,Diritto,Diritto |
| STE | 0 | 0 | |a 国家教会法,教会法,教会法规,教规,法律,法律,法制,法制 |
| STF | 0 | 0 | |a 國家教會法,教會法,教會法規,教規,法律,法律,法制,法制 |
| STG | 0 | 0 | |a Direito canônico,Direito eclesiástico,Direito,Direito,Legislação sobre a Igreja nacional |
| STH | 0 | 0 | |a Каноническое право,Каноническое право,Церковное право,Право (мотив),Право,Церковно-государственное право |
| STI | 0 | 0 | |a Δίκαιο (μοτίβο),Δίκαιο,Δημόσιο εκκλησιαστικό δίκαιο,Εκκλησιαστικό Δίκαιο,Κανονικό Δίκαιο,Εκκλησιαστικό Δίκαιο |
| SUB | |a CAN |a REL | ||
| SYE | 0 | 0 | |a Katholisches Kirchenrecht |
| SYG | 0 | 0 | |a Staat,Religionsverfassungsrecht , Staat,Religionsverfassungsrecht , Katholisches Kirchenrecht |



